Механизмы регуляции функций гладких мышц вторичными посредниками: монография/

Библиографическая информация
Главные авторы: Баскаков, М. Б. биофизика 19490102-20130702 Михаил Борисович (Автор), Медведев, М. А. физиология 19351114 Михаил Андреевич (Редактор), Ковалев, И. В. биофизика 19580512 Игорь Викторович (Автор), Капилевич, Л. В. биофизика 19630317 Леонид Владимирович (Автор), Загулова, Д. В. Диана Владимировна (Автор)
Соавтор: Сибирский медицинский университет(Томск)
Другие авторы: Киселев, В. И. физиология Валерий Иванович, Орлов, Р. С. Ратмир Сергеевич
Формат: Книга
Публикация: Томск: Сибирский государственный медицинский университет 1996
Предметы:
Online-ссылка:Перейти в каталог НМБ СибГМУ
LEADER 02560nam a2200373 i 4500
001 LibSMU0000081895
008 140620s1996 ru_aa l000 0yrus d
020 |c р80.00 
040 |a НМБ СибГМУ  |b rus 
245 0 0 |a Механизмы регуляции функций гладких мышц вторичными посредниками:   |b монография/  |c М. Б. Баскаков [и др.] ; ред. М. А. Медведев ; рец.: В. И. Киселев, Р. С. Орлов; Сибирский медицинский университет (Томск) 
260 |a Томск:  |b Сибирский государственный медицинский университет  |c 1996 
300 |a 154 с.:  |b a-рис. 
504 |a Библиогр.: с. 125-153 (339 назв.) 
535 2 |a НМБ СибГМУ г.Томск  |d https://lib.ssmu.ru  |s 63480700 
653 0 |a ГЛАДКИЕ МЫШЦЫ 
653 0 |a КАЛЬЦИЙ-СВЯЗЫВАЮЩИЕ БЕЛКИ 
653 0 |a ЦИТОПЛАЗМА 
653 0 |a ЭЛЕКТРИЧЕСКАЯ АКТИВНОСТЬ 
653 0 |a СОКРАТИТЕЛЬНАЯ АКТИВНОСТЬ 
653 0 |a СИГНАЛЬНЫЕ СИСТЕМЫ 
653 0 |a АДЕНОЗИНМОНОФОСФАТ 
653 0 |a НАТРИЙ-ПРОТОННЫЙ ОБМЕН 
852 |a НМБ СибГМУ  |h 612.7  |i М550  |p 507687  |b анл 
080 |a 612.73  |a 577.15 
700 1 |a Баскаков, М. Б.  |c биофизика  |d 19490102-20130702  |q Михаил Борисович  |4 aut 
700 1 |a Медведев, М. А.  |c физиология  |d 19351114  |q Михаил Андреевич  |4 aut 
700 1 |a Ковалев, И. В.  |c биофизика  |d 19580512  |q Игорь Викторович  |4 aut 
700 1 |a Капилевич, Л. В.  |c биофизика  |d 19630317  |q Леонид Владимирович  |4 aut 
700 1 |a Загулова, Д. В.  |q Диана Владимировна  |4 aut 
700 1 |a Медведев, М. А.  |c физиология  |d 19351114  |q Михаил Андреевич  |4 edt 
700 1 |a Киселев, В. И.  |c физиология  |q Валерий Иванович 
700 1 |a Орлов, Р. С.  |q Ратмир Сергеевич 
710 2 1 |a Сибирский медицинский университет(Томск) 
856 |y Перейти в каталог НМБ СибГМУ  |u https://irbis64.ssmu.ru/cgi-bin/irbis64r_14/cgiirbis_64.exe?Z21ID=&P21DBN=BOOK&I21DBN=BOOK&S21FMT=fullwebr&C21COM=S&2_S21P02=0&2_S21P03=I=&2_S21STR=612.7/М550-616804